000 00880nam a22002177a 4500
999 _c61668
_d61668
005 20251125233055.0
008 s2553 th tha d
020 _a9789742531553
040 _aNALT
041 _atha
050 _aDA632 ด164อ 2553
100 0 _aดวงใจ
245 1 0 _aอังกฤษไม่สิ้นมนต์ขลัง
260 3 _aกรุงเทพฯ :
_bเพื่อนดี,
_c2553
300 _a308 หน้า :
_b ภาพประกอบ ;
_c 21 ซม.
650 0 4 _aอังกฤษ -- ภูมิประเทศและการท่องเที่ยว
850 _aNALT
856 4 0 _uhttps://hdl.handle.net/20.500.14156/333845
_71
942 _cGB
_2lcc
_01
998 _j8
_k นายบัณฑิต อุทาวงค์